Теория управления: учебник для вузов

Detalles Bibliográficos
Autor principal: Ким С. А. Сергей Алексеевич
Sumario:Учебник подготовлен на основе компетентностного подхода и закладывает теоретический фундамент для системного и комплексного управления организациями в условиях рыночной экономики. Состоит из четырех модулей:1. Теоретические и методологические основы теории управления.2. Организационная структура управления и среда ор­ганизации.3. Управленческие решения, мотивация и система коммуникации.4. Руководство и лидерство. Эффективность управления. После каждой темы приведены контрольные вопросыи задания, темы для докладов на практических и семинар­ских занятиях, а после каждого модуля — тесты.Для студентов бакалавриата, обучающихся по на­правлению подготовки «Государственное и муниципаль­ное управление», а также преподавателей управленческих дисциплин, руководителей и специалистов государствен­ных и муниципальных органов власти.
Lenguaje:ruso
Publicado: Москва, Дашков и К, 2016
Colección:Учебные издания для бакалавров
Materias:
Formato: Libro
KOHA link:https://koha.lib.tpu.ru/cgi-bin/koha/opac-detail.pl?biblionumber=302268

MARC

LEADER 00000nam0a2200000 4500
001 302268
005 20231102001503.0
010 |a 9785394023736 
035 |a (RuTPU)RU\TPU\book\327465 
090 |a 302268 
100 |a 20150820d2016 m y0rusy50 ca 
101 0 |a rus 
102 |a RU 
105 |a a j 001zy 
200 1 |a Теория управления  |e учебник для вузов  |f С. А. Ким 
210 |a Москва  |c Дашков и К  |d 2016 
215 |a 239 с.  |c ил. 
225 1 |a Учебные издания для бакалавров 
320 |a Библиогр.: с. 238-239. 
330 |a Учебник подготовлен на основе компетентностного подхода и закладывает теоретический фундамент для системного и комплексного управления организациями в условиях рыночной экономики. Состоит из четырех модулей:1. Теоретические и методологические основы теории управления.2. Организационная структура управления и среда ор­ганизации.3. Управленческие решения, мотивация и система коммуникации.4. Руководство и лидерство. Эффективность управления. После каждой темы приведены контрольные вопросыи задания, темы для докладов на практических и семинар­ских занятиях, а после каждого модуля — тесты.Для студентов бакалавриата, обучающихся по на­правлению подготовки «Государственное и муниципаль­ное управление», а также преподавателей управленческих дисциплин, руководителей и специалистов государствен­ных и муниципальных органов власти. 
606 1 |a Управление  |x Теория  |x Искусство  |2 stltpush  |3 (RuTPU)RU\TPU\subj\37169  |9 58290 
606 1 |a Менеджмент  |2 stltpush  |3 (RuTPU)RU\TPU\subj\42098  |9 61850 
610 1 |a управленческая деятельность 
610 1 |a теория 
610 1 |a методология 
610 1 |a организационная структура 
610 1 |a организационная среда 
610 1 |a управленческие решения 
610 1 |a управленческие коммуникации 
610 1 |a мотивация 
610 1 |a лидерство 
610 1 |a эффективность 
610 1 |a организационная культура 
610 1 |a учебники 
686 |a У9(2)212я73  |v LBC/SL-A  |2 rubbk 
686 |a У9(2)210я73  |v LBC/SL-A  |2 rubbk 
700 1 |a Ким  |b С. А.  |g Сергей Алексеевич 
801 1 |a RU  |b 63413507  |c 20150820 
801 2 |a RU  |b 63413507  |c 20151002  |g RCR 
900 |a Теория управления 
942 |c BK 
954 |l 8.1 
959 |a 84/20150605  |d 3  |e 297,00  |f ЧЗГЛ:1  |f УФ:2